00403nam a2200133Ia 45000010005000000080041000050820020000461000020000662450115000862600019002015900007002209010027002279990015002541201241024s9999 xx 000 0 und d aRD/363.34/N118d aNaciones Unidas 0aDiagnóstico de la situación de la República Dominicana en cuanto a la reducción de riesgos a desastres bSERIGRAFc2010 asi a15/2/2011 9:14:53 a.m. c9361d9361